Método di violoncello
Uloženo v:
| Hlavní autor: | |
|---|---|
| Médium: | Kniha |
| Jazyk: | italština |
| Vydáno: |
Milán
G. Ricordi
1900
|
| Témata: | |
| Tagy: |
Přidat tag
Žádné tagy, Buďte první, kdo vytvoří štítek k tomuto záznamu!
|
MARC
| LEADER | 00000nam a2200000 a 4500 | ||
|---|---|---|---|
| 001 | UCM0263 | ||
| 003 | CL-VaPUC | ||
| 008 | 020125e19000000IT |||||||||||||||||ita|d | ||
| 082 | 0 | 4 | |a 787.4193 |b DOT |2 21 |
| 100 | 0 | |a Dotzauer, Friedrich |e author |9 466975 | |
| 245 | 1 | 0 | |a Método di violoncello |
| 300 | |a 258 p | ||
| 942 | |c BK | ||
| 945 | |d 20020125 00:00:00 |a lriquelm | ||
| 260 | |a Milán |b G. Ricordi |c 1900 | ||
| 500 | |a Le falta la cubierta del libro | ||
| 650 | 0 | |a Violoncello |x Estudio e instrucción |9 390261 | |
| 650 | 0 | |a Violoncello |x Interpretación |9 464133 | |
| 650 | 0 | |a Violoncello |x Repertorio |9 465016 | |
| 650 | 0 | |a Violoncello |x Pedagogía instrumental |9 466977 | |
| 650 | 0 | |a Violoncello |x Método progresivo |9 466978 | |
| 650 | 0 | |a Violoncello |x Ejercicios y estudio |9 465050 | |
| 583 | |a last modification |c 20020125 00:00:00 |k Rodrigo Vera | ||
| 999 | |c 299241 |d 299239 | ||